[Event "BLR-ch U20 Girls 2021"]
[Site "Minsk"]
[Date "2021.04.20"]
[Round "5.6"]
[White "Astapchyk, Darya"]
[Black "Liashkevich, Lizaveta"]
[Result "0-1"]
[WhiteElo "1586"]
[BlackElo "1401"]
[Annotator "NA RC"]
[PlyCount "96"]
[EventDate "2021.04.20"]
[EventType "tourn"]
[EventCountry "BLR"]
[SourceTitle "playchess.com"]
[Source "ChessBase"]
[SourceQuality "1"]
[TimeControl "40/5400+30:1800+30"]

1. d4 {[%emt 0:00:00]} d5 {[%emt 0:00:00]} 2. Nc3 {[%emt 0:00:00]} Nf6 {[%emt 0:00:00]} 3. Bf4 {[%emt 0:00:05]} c5 {[%emt 0:03:36]} 4. e3 {[%emt 0:00:29]} cxd4 {[%emt 0:00:27]} 5. exd4 {[%emt 0:00:08]} a6 {[%emt 0:00:11]} 6. Nf3 {[%emt 0:03:08]} Bg4 {[%emt 0:02:02]} 7. h3 {[%emt 0:02:49]} Bxf3 {[%emt 0:03:20]} 8. Qxf3 {[%emt 0:00:15]} e6 {[%emt 0:00:34]} 9. O-O-O {[%emt 0:05:19]} Nc6 {[%emt 0:02:05]} 10. g4 {[%emt 0:02:26]} Bd6 {[%emt 0:03:31]} 11. Bg5 {[%emt 0:04:51]} Be7 {[%emt 0:00:39]} 12. Bg2 {[%emt 0:01:03]} Qb6 {[%emt 0:02:02]} 13. Qe3 {[%emt 0:03:12]} O-O-O {[%emt 0:06:21]} 14. Rhe1 {[%emt 0:09:44]} h6 {[%emt 0:02:52]} 15. Bf4 {[%emt 0:03:41]} g5 {[%emt 0:09:35]} 16. Bg3 {[%emt 0:03:13]} Ne8 {[%emt 0:05:43]} 17. Ne2 {[%emt 0:10:28]} Nd6 {[%emt 0:03:15]} 18. Qb3 {[%emt 0:08:48]} Qa7 {[%emt 0:06:53]} 19. f4 {[%emt 0:03:57]} gxf4 {[%emt 0:08:23]} 20. Bxf4 {[%emt 0:00:30]} Nc4 {[%emt 0:01:47]} 21. c3 {[%emt 0:02:15]} N6a5 {[%emt 0:02:43]} 22. Qc2 {[%emt 0:02:20]} b5 {[%emt 0:04:04]} 23. b3 {[%emt 0:12:53]} Ba3+ {[%emt 0:10:30]} 24. Kb1 {[%emt 0:00:08]} Nb2 {[%emt 0:05:28]} 25. Rd2 {[%emt 0:01:58]} Kd7 {[%emt 0:01:14]} 26. Nc1 {[%emt 0:04:06]} b4 {[%emt 0:03:02]} 27. Nd3 {[%emt 0:01:37]} bxc3 {[%emt 0:02:37]} 28. Qxc3 {[%emt 0:00:43]} Nxd3 {[%emt 0:00:15]} 29. Rxd3 {[%emt 0:01:11]} Qb6 {[%emt 0:02:55]} 30. Red1 {[%emt 0:04:43]} Rc8 {[%emt 0:00:34]} 31. Qe1 {[%emt 0:00:52]} Nc4 {[%emt 0:01:12]} 32. Be5 {[%emt 0:07:11]} Rhf8 {[%emt 0:05:03]} 33. Bg7 {[%emt 0:01:04]} Rg8 {[%emt 0:00:05]} 34. Bxh6 {[%emt 0:00:07]} Nb2 {[%emt 0:00:38]} 35. Qf1 {[%emt 0:00:11]} Ke8 {[%emt 0:01:59]} 36. Rf3 {[%emt 0:01:00]} Nxd1 {[%emt 0:00:45]} 37. Qxd1 {[%emt 0:00:22]} e5 {[%emt 0:00:29]} 38. Be3 {[%emt 0:00:56]} exd4 {[%emt 0:00:56]} 39. Bd2 {[%emt 0:00:40]} Rg6 {[%emt 0:00:46]} 40. Rf1 {[%emt 0:00:00]} Rgc6 {[%emt 0:00:00]} 41. Qe2+ {[%emt 0:02:43]} Re6 {[%emt 0:07:50]} 42. Qf3 {[%emt 0:00:32]} Qc7 {[%emt 0:01:31]} 43. Qd3 {[%emt 0:02:34]} Rc6 {[%emt 0:07:06]} 44. Re1+ {[%emt 0:03:00]} Kf8 {[%emt 0:00:12]} 45. Qf1 {[%emt 0:00:18]} Kg8 {[%emt 0:08:10]} 46. Bxd5 {[%emt 0:05:49]} Rc2 {[%emt 0:03:53]} 47. Bg5 {[%emt 0:08:01]} d3 {[%emt 0:02:39]} 48. Bc4 {[%emt 0:02:22]} Rxc4 {[%emt 0:00:47]} 0-1

[Event "BLR-ch U20 Girls 2021"]
[Site "Minsk"]
[Date "2021.04.20"]
[Round "5.7"]
[White "Khomich, Maryna"]
[Black "Poliakova, Varvara"]
[Result "1/2-1/2"]
[WhiteElo "1409"]
[BlackElo "1918"]
[Annotator "TA"]
[PlyCount "141"]
[EventDate "2021.04.20"]
[EventType "tourn"]
[EventCountry "BLR"]
[SourceTitle "playchess.com"]
[Source "ChessBase"]
[SourceQuality "1"]

{[%evp 9,141,14,14,4,12,12,13,19,20,6,4,-23,-33,-60,-53,-111,-116,-117,-117,-114,-123,-101,-118,-149,-134,-221,-128,-126,-120,-195,-135,-176,-87,-78,-77,-84,-84,-81,-87,-85,-78,-83,-47,-62,-34,-31,-50,-45,-43,-41,-43,-106,-103,-110,-100,-107,-79,-82,-61,-76,-46,-52,-45,-47,-18,-16,0,-4,-20,-43,7,-13,-16,-20,0,0,0,0,0,0,0,0,0,0,0,0,29,20,49,0,0,0,0,0,0,0,0,-56,-51,-64,-31,-519,-510,-427,-129,-205,-183,-574,-555,-588,-587,-584,-580,-496,-190,-161,-161,-29972,-29970,-29969,-29969,-29972,0,0,0,0,0,0,0,0,0,0,0,0]} 1. Nf3 d6 2. d4 Nd7 3. g3 e5 4. dxe5 dxe5 5. Bg2 Ngf6 6. O-O {A46: 1 d4 Nf6 2 Nf3 e6: Torre, London and Colle Systems.} c6 7. b3 Qc7 8. Bb2 Bc5 9. Nbd2 O-O {[#]} 10. c4 $146 ({Predecessor:} 10. Ng5 Rd8 11. Qc1 Nf8 12. Nge4 Nxe4 13. Nxe4 Be7 14. c4 Bg4 15. f3 Bf5 16. Qc3 Bxe4 17. fxe4 {0-1 (61) Deues,E (2040)-Zenker,U (2136) Bayern 2011}) 10... e4 11. Nd4 e3 $1 {[%cal Re3d2]} 12. Ne4 ({Better is} 12. fxe3 $15 Ng4 13. Nc2) 12... Nxe4 $1 $17 13. Bxe4 Nf6 $36 {[%mdl 2048] Black is really pushing.} 14. Bg2 exf2+ 15. Rxf2 Ng4 16. Rf3 Qe5 17. h3 {[#]} (17. Qd2 $17) 17... Ne3 (17... Rd8 $1 $19 {[%cal Rd8d4]} 18. Rd3 (18. hxg4 Bxd4+) 18... Ne3) 18. Qd3 Re8 19. Re1 (19. b4 $17 Bxb4 20. Nxc6 Qxb2 21. Rb1 Qxb1+ 22. Qxb1) 19... Qe4 (19... Bf5 $19 20. Nxf5 Nxg2+ {[%mdl 64] Discovered Attack} 21. Kxg2 Qxb2) 20. Kh1 Nxg2 (20... a5 $19 {and Black stays clearly on top.} 21. a4 Bb4) 21. Kxg2 Bd7 22. Bc3 Rad8 23. Qxe4 Rxe4 24. Nf5 Rde8 25. Kf1 Bf8 {Threatens to win with ...g6.} 26. g4 b5 27. Ng3 R4e6 28. Rd3 Bc8 29. cxb5 cxb5 30. Nf5 ({White should try} 30. Red1 $15) 30... Ra6 31. Ra1 b4 32. Bd4 g6 33. Ne3 Bb7 34. Nc4 Be4 35. Rd2 f5 36. g5 Bd5 37. Ne5 Be6 38. Rc1 Rd6 39. Rcd1 Bg7 (39... a5 {is interesting.} 40. Bb2 Rxd2 41. Rxd2 a4 42. Nd7 Bxd7 43. Rxd7 axb3 44. axb3 Re3) 40. Nc4 (40. Nf3 {with more complications.} a5 41. Bxg7 Rxd2 42. Rxd2 Kxg7 43. Rd4) 40... Bxc4 41. bxc4 Bxd4 42. Rxd4 Rxd4 (42... Ra6 {keeps more tension.} 43. c5 Rxa2 44. Rxb4 Raxe2 45. Rb7 Rc2) 43. Rxd4 $11 {[%mdl 4096] Endgame KR-KR} Kf7 44. Rd5 Re4 45. Rd7+ Re7 46. Rd5 Ke6 47. Rb5 Rc7 48. Rxb4 Ke5 49. Kf2 Kf4 50. h4 a5 51. Rb5 Kg4 52. Rxa5 Kxh4 53. c5 (53. e4 $11) 53... Kxg5 $15 54. Ke3 h5 55. Kd4 $2 {[%mdl 8192]} (55. a4 $15) 55... h4 $19 56. Rb5 Rd7+ $2 (56... h3 $19 {Hoping for ...h2.} 57. Rb1 Kf4) 57. Ke3 (57. Ke5 $17 {was necessary.}) 57... Rd1 {Strongly threatening ...h3.} 58. Rb8 $2 (58. Kf3) 58... Rc1 59. Kd4 h3 60. Rh8 Kg4 61. Kd5 Kg3 $2 (61... Rd1+ 62. Kc6 Re1) 62. c6 h2 63. Kd6 $2 (63. a4 $19) 63... h1=Q 64. Rxh1 Rxh1 {KR-K3P} 65. c7 {[#]} Rc1 $2 (65... Rh8 $1 {mates} 66. a4 Kf2 67. Ke5 Kxe2 68. a5 Ke3 69. Kd6 f4 70. Ke7 f3 71. Kd7 Rg8 72. c8=Q Rxc8 73. Kxc8 f2 74. a6 f1=Q 75. a7 Qf8+ 76. Kb7 Ke2 77. a8=Q Qxa8+ 78. Kxa8 g5 79. Kb8 g4 80. Kc8 g3 81. Kd8 g2 82. Ke7 Kd3 83. Kf6 Ke4 84. Kg5 g1=Q+ 85. Kf6 Qb6+ 86. Ke7 Ke5 87. Kf7 Qf6+ 88. Ke8 Qg7 89. Kd8 Kd6 90. Ke8 Qg8#) 66. a4 $11 {And now a5 would win.The position is equal.} Rd1+ 67. Ke7 Rc1 68. Kd7 Rd1+ 69. Ke7 Rc1 70. Kd7 Rd1+ 71. Ke7 {And White is the lucky defender.  Weighted Error Value: White=0.36/Black=0.16} 1/2-1/2

[Event "BLR-ch U20 Girls 2021"]
[Site "Minsk"]
[Date "2021.04.20"]
[Round "5.8"]
[White "Zeliantsova, Kseniya"]
[Black "Norman, Kseniya"]
[Result "0-1"]
[WhiteElo "2017"]
[BlackElo "1915"]
[Annotator "TA"]
[PlyCount "112"]
[EventDate "2021.04.20"]
[EventType "tourn"]
[EventCountry "BLR"]
[SourceTitle "playchess.com"]
[Source "ChessBase"]
[SourceQuality "1"]

{[%evp 15,112,6,12,-9,23,7,45,0,59,64,63,49,109,57,62,51,60,20,32,0,3,0,27,36,35,0,0,0,-25,-159,-138,-137,-138,-166,0,-31,184,185,155,-36,-48,-53,0,0,427,427,465,428,374,0,0,-16,8,8,8,8,12,8,0,0,0,0,0,-14,5,0,0,0,0,0,0,0,5,10,10,-4,-2,-31,0,0,0,0,0,-3,0,0,0,0,0,0,0,0,0,0,0,0,0,-4894,-4710]} 1. e4 e6 2. d4 d5 3. Nc3 Nf6 4. e5 Nfd7 5. f4 c5 6. Nf3 Nc6 7. Be3 Be7 8. Be2 O-O 9. O-O {C11: French: Classical System: 4 e5 and 4 Bg5 dxe4.} b6 10. Kh1 f5 {[#]} 11. Bb5 $146 {White is slightly better.} ({Predecessor:} 11. exf6 Nxf6 12. Bb5 Qc7 13. Qd2 Bd7 14. f5 Rad8 15. Bf4 Qc8 16. Rae1 Nxd4 17. Nxd4 cxd4 18. Qxd4 Bxb5 19. Nxb5 {0-1 (52) De Jong,M (2326)-Gleizerov,E (2508) Groningen 2019}) 11... Ncb8 (11... Ndb8 $11) 12. dxc5 $14 Nxc5 13. Nd4 Bd7 (13... a6 $14 14. Be2 Bd7) 14. b4 (14. g4 $16) 14... Ne4 15. Nxe4 dxe4 16. Bc4 Qc8 17. Qe2 Bxb4 18. g4 Kh8 19. gxf5 exf5 20. e6 (20. Rad1 $14) 20... Be8 $1 $11 21. Rg1 $36 {[%mdl 2048] Black is under pressure.} Nc6 22. e7 (22. Bd5 $11 Bc3 23. Qg2) 22... Bxe7 23. Ne6 Rg8 24. Ng5 Bxg5 ({Black should try} 24... Bg6 $19 25. Nf7+ Bxf7 26. Bxf7 Rd8) 25. Rxg5 $15 Rf8 $2 (25... g6 $15 {keeps the upper hand.}) 26. Rag1 $1 $18 {[%mdl 1024] White has strong compensation.} Qd7 27. Qg2 $2 (27. Bc1 $16 {Threatens to win with Bb2!} Rf6 28. Rxg7 Qxg7 29. Rxg7 Kxg7 30. Bb2) 27... g6 $15 {And now ...Na5 would win.} 28. Bc1 Qd4 (28... Qg7 $15 29. Bd5 b5) 29. Be6 $1 $11 {c4 is the strong threat.} Bf7 $2 {[%mdl 8192] [#]} (29... Nd8 $11 {and Black has nothing to worry.} 30. Bxf5 Rxf5 31. Rxf5 Bc6) 30. c4 $1 $18 {Hoping for Bb2.} Qf6 {[#]} (30... Qg7 31. Bxf5) 31. Bb2 $1 Nd4 {[#]} 32. Qf2 $2 Rad8 $11 ({Not} 32... Bxe6 $2 33. Bxd4 Kg7 34. Bxf6+ $18) 33. Bd5 Bxd5 (33... e3 {is interesting.} 34. Qxe3 Bxd5+ 35. cxd5 Rxd5 36. h4 Kg8) 34. Qxd4 Qxd4 35. Bxd4+ Kg8 36. cxd5 Rxd5 37. Be3 Rd3 38. R5g3 Rc8 39. Rc1 Rcd8 40. Rc2 R8d7 41. Kg2 Kf7 42. Kf2 b5 43. Ke2 b4 44. Rb2 a5 45. Rg1 Ra3 46. Rc1 Rdd3 47. Rc7+ Ke6 48. Bc5 Rh3 49. Ke1 e3 50. Re7+ Kd5 51. Re5+ Kc4 52. Re2 {[%cal Rc5e3]} a4 $1 53. Bxe3 b3 54. axb3+ axb3 {White must now prevent ...Ra1+.} 55. Rc5+ Kb4 {Strongly threatening ...Rxe3!} 56. Rc1 $2 {[%mdl 8192] [#]} (56. Bd4 $11) 56... Rxe3 $1 {[%mdl 512] Weighted Error Value: White=0.39/Black=0.42} 0-1

[Event "BLR-ch U20 Girls 2021"]
[Site "Minsk"]
[Date "2021.04.21"]
[Round "6.5"]
[White "Tarasenka, Aliaksandra"]
[Black "Norman, Kseniya"]
[Result "1-0"]
[WhiteElo "1966"]
[BlackElo "1915"]
[Annotator "NA"]
[PlyCount "79"]
[EventDate "2021.04.20"]
[EventType "tourn"]
[EventCountry "BLR"]
[SourceTitle "playchess.com"]
[Source "ChessBase"]
[SourceQuality "1"]
[TimeControl "40/5400+30:1800+30"]

1. d4 {[%emt 0:00:00]} g6 {[%emt 0:00:57]} 2. c4 {[%emt 0:00:00]} Bg7 {[%emt 0:00:08]} 3. Nc3 {[%emt 0:00:08]} c5 {[%emt 0:00:46]} 4. d5 {[%emt 0:00:17]} Bxc3+ {[%emt 0:01:01]} 5. bxc3 {[%emt 0:00:05]} f5 {[%emt 0:00:08]} 6. e4 {[%emt 0:00:38]} fxe4 {[%emt 0:02:05]} 7. f3 {[%emt 0:00:42]} Nf6 {[%emt 0:02:03]} 8. fxe4 {[%emt 0:00:38]} d6 {[%emt 0:02:30]} 9. Bd3 {[%emt 0:00:21]} Qa5 {[%emt 0:07:16]} 10. Qc2 {[%emt 0:02:41]} Bd7 {[%emt 0:04:43]} 11. Rb1 {[%emt 0:11:34]} Ba4 {[%emt 0:10:40]} 12. Qe2 {[%emt 0:06:23]} Nbd7 {[%emt 0:04:46]} 13. Nf3 {[%emt 0:07:15]} Ne5 {[%emt 0:08:00]} 14. O-O {[%emt 0:08:52]} O-O-O {[%emt 0:05:06]} 15. Nxe5 {[%emt 0:12:12]} dxe5 {[%emt 0:00:03]} 16. Qb2 {[%emt 0:01:46]} b6 {[%emt 0:08:18]} 17. Bh6 {[%emt 0:07:23]} Rhg8 {[%emt 0:03:43]} 18. Qd2 {[%emt 0:05:16]} Rd6 {[%emt 0:13:43]} 19. Rbc1 {[%emt 0:08:16]} b5 {[%emt 0:08:29]} 20. Qg5 {[%emt 0:04:28]} bxc4 {[%emt 0:01:56]} 21. Bxc4 {[%emt 0:00:37]} Qc7 {[%emt 0:04:21]} 22. Qxe5 {[%emt 0:01:20]} Ng4 {[%emt 0:04:38]} 23. Qg5 {[%emt 0:01:26]} Nxh6 {[%emt 0:02:54]} 24. Qxh6 {[%emt 0:00:06]} g5 {[%emt 0:01:40]} 25. Qxh7 {[%emt 0:01:47]} Re8 {[%emt 0:01:43]} 26. Qf5+ {[%emt 0:03:16]} Bd7 {[%emt 0:00:35]} 27. Qxg5 {[%emt 0:01:03]} Rb6 {[%emt 0:00:37]} 28. Qf4 {[%emt 0:02:39]} e5 {[%emt 0:00:36]} 29. Qf7 {[%emt 0:03:23]} Rh8 {[%emt 0:00:19]} 30. Qg7 {[%emt 0:01:44]} Rh5 {[%emt 0:00:43]} 31. Be2 {[%emt 0:01:22]} Rh4 {[%emt 0:00:19]} 32. Rf8+ {[%emt 0:00:30]} Kb7 {[%emt 0:00:01]} 33. Rf7 {[%emt 0:02:54]} Kc8 {[%emt 0:00:47]} 34. Qf8+ {[%emt 0:02:19]} Kb7 {[%emt 0:00:20]} 35. Qe7 {[%emt 0:00:25]} Rf4 {[%emt 0:00:15]} 36. Rxf4 {[%emt 0:00:42]} exf4 {[%emt 0:00:02]} 37. e5 {[%emt 0:00:24]} Rb2 {[%emt 0:01:04]} 38. d6 {[%emt 0:00:42]} Qc8 {[%emt 0:00:57]} 39. e6 {[%emt 0:00:28]} Rxe2 {[%emt 0:00:23]} 40. Qxd7+ {[%emt 0:00:00]} 1-0

[Event "BLR-ch U20 Girls 2021"]
[Site "Minsk"]
[Date "2021.04.21"]
[Round "6.6"]
[White "Poliakova, Varvara"]
[Black "Zeliantsova, Kseniya"]
[Result "1/2-1/2"]
[WhiteElo "1918"]
[BlackElo "2017"]
[Annotator "ChessBase"]
[PlyCount "170"]
[EventDate "2021.04.20"]
[EventType "tourn"]
[EventCountry "BLR"]
[SourceTitle "playchess.com"]
[Source "ChessBase"]
[SourceQuality "1"]
[TimeControl "40/5400+30:1800+30"]

1. e4 {[%emt 0:00:38]} c5 {[%emt 0:00:00]} 2. Nf3 {[%emt 0:00:25]} Nc6 {[%emt 0:00:00]} 3. d4 {[%emt 0:01:23]} cxd4 {[%emt 0:00:00]} 4. Nxd4 {[%emt 0:00:03]} g6 {[%emt 0:00:00]} 5. Nc3 {[%emt 0:00:04]} Bg7 {[%emt 0:00:00]} 6. Nb3 {[%emt 0:00:04]} Nf6 {[%emt 0:00:23]} 7. Be2 {[%emt 0:00:28]} d6 {[%emt 0:00:19]} 8. O-O {[%emt 0:00:26]} O-O {[%emt 0:00:19]} 9. Re1 {[%emt 0:00:36]} Be6 {[%emt 0:01:45]} 10. Bf1 {[%emt 0:01:01]} Rc8 {[%emt 0:00:47]} 11. Bg5 {[%emt 0:01:53]} h6 {[%emt 0:02:02]} 12. Bh4 {[%emt 0:00:19]} Ne5 {[%emt 0:03:06]} 13. Nd5 {[%emt 0:02:31]} Bxd5 {[%emt 0:04:25]} 14. exd5 {[%emt 0:00:21]} Qc7 {[%emt 0:08:09]} 15. c3 {[%emt 0:01:46]} a5 {[%emt 0:07:50]} 16. a4 {[%emt 0:02:44]} Qb6 {[%emt 0:02:33]} 17. Bb5 {[%emt 0:00:53]} Rc7 {[%emt 0:13:08]} 18. h3 {[%emt 0:01:18]} Nh5 {[%emt 0:06:00]} 19. Kh1 {[%emt 0:13:10]} Nf4 {[%emt 0:10:05]} 20. Bg3 {[%emt 0:15:01]} g5 {[%emt 0:03:00]} 21. Bxf4 {[%emt 0:12:13]} gxf4 {[%emt 0:00:16]} 22. Nd4 {[%emt 0:00:32]} Qc5 {[%emt 0:04:03]} 23. Qd2 {[%emt 0:05:57]} Qxd5 {[%emt 0:05:37]} 24. Qxf4 {[%emt 0:00:46]} Ng6 {[%emt 0:01:16]} 25. Qf3 {[%emt 0:08:00]} Qxf3 {[%emt 0:02:25]} 26. Nxf3 {[%emt 0:00:02]} d5 {[%emt 0:03:58]} 27. Rad1 {[%emt 0:03:24]} Rd8 {[%emt 0:01:50]} 28. Rd2 {[%emt 0:01:51]} e5 {[%emt 0:03:57]} 29. Bd3 {[%emt 0:03:34]} Re7 {[%emt 0:02:34]} 30. Bxg6 {[%emt 0:01:03]} fxg6 {[%emt 0:00:05]} 31. Rde2 {[%emt 0:01:28]} g5 {[%emt 0:05:17]} 32. Kg1 {[%emt 0:01:34]} Rde8 {[%emt 0:00:35]} 33. Nd4 {[%emt 0:01:36]} Rf8 {[%emt 0:01:14]} 34. g4 {[%emt 0:02:29]} e4 {[%emt 0:04:18]} 35. Nf5 {[%emt 0:00:45]} Rd7 {[%emt 0:01:26]} 36. Rd1 {[%emt 0:00:25]} Rfd8 {[%emt 0:00:15]} 37. Red2 {[%emt 0:00:35]} Kf7 {[%emt 0:00:46]} 38. f3 {[%emt 0:02:00]} exf3 {[%emt 0:00:54]} 39. Kf2 {[%emt 0:00:35]} Bf8 {[%emt 0:00:48]} 40. Kxf3 {[%emt 0:00:00]} Kf6 {[%emt 0:00:00]} 41. Re2 {[%emt 0:03:11]} Rc7 {[%emt 0:13:05]} 42. Rde1 {[%emt 0:03:05]} Rc6 {[%emt 0:02:28]} 43. Nd4 {[%emt 0:01:02]} Rcd6 {[%emt 0:00:06]} 44. Re5 {[%emt 0:05:46]} Bg7 {[%emt 0:07:36]} 45. Nf5 {[%emt 0:03:05]} Rb6 {[%emt 0:00:42]} 46. R1e2 {[%emt 0:03:54]} Bf8 {[%emt 0:01:59]} 47. Nd4 {[%emt 0:02:46]} Rdd6 {[%emt 0:02:39]} 48. Re8 {[%emt 0:00:54]} Kf7 {[%emt 0:00:10]} 49. Ra8 {[%emt 0:01:59]} Ra6 {[%emt 0:01:25]} 50. Rc8 {[%emt 0:00:10]} Rd7 {[%emt 0:00:05]} 51. Nf5 {[%emt 0:01:16]} Bg7 {[%emt 0:01:58]} 52. Rce8 {[%emt 0:00:21]} Bf8 {[%emt 0:00:17]} 53. R8e5 {[%emt 0:00:31]} Rb6 {[%emt 0:01:13]} 54. Kg2 {[%emt 0:01:25]} Kf6 {[%emt 0:00:56]} 55. Kf1 {[%emt 0:01:48]} Rxb2 {[%emt 0:01:18]} 56. Re6+ {[%emt 0:00:02]} Kf7 {[%emt 0:00:05]} 57. Nxh6+ {[%emt 0:01:23]} Bxh6 {[%emt 0:00:07]} 58. Rxh6 {[%emt 0:00:05]} Rxe2 {[%emt 0:00:26]} 59. Kxe2 {[%emt 0:00:02]} Re7+ {[%emt 0:01:15]} 60. Kd3 {[%emt 0:00:08]} Re4 {[%emt 0:00:05]} 61. Rd6 {[%emt 0:01:19]} Rxa4 {[%emt 0:00:22]} 62. Rxd5 {[%emt 0:00:14]} Kf6 {[%emt 0:00:36]} 63. Rf5+ {[%emt 0:00:26]} Kg6 {[%emt 0:00:08]} 64. Rb5 {[%emt 0:00:17]} Rf4 {[%emt 0:01:58]} 65. Rb6+ {[%emt 0:00:36]} Rf6 {[%emt 0:01:20]} 66. Rxb7 {[%emt 0:02:07]} Rf3+ {[%emt 0:00:15]} 67. Kd4 {[%emt 0:00:17]} Rxh3 {[%emt 0:00:12]} 68. c4 {[%emt 0:01:11]} Rg3 {[%emt 0:00:56]} 69. c5 {[%emt 0:00:23]} Rxg4+ {[%emt 0:00:05]} 70. Kd5 {[%emt 0:00:04]} Rg1 {[%emt 0:00:51]} 71. c6 {[%emt 0:00:41]} Rd1+ {[%emt 0:00:05]} 72. Ke6 {[%emt 0:02:31]} Rc1 {[%emt 0:00:05]} 73. Kd6 {[%emt 0:03:37]} Kh5 {[%emt 0:00:35]} 74. Rb5 {[%emt 0:00:37]} a4 {[%emt 0:01:44]} 75. c7 {[%emt 0:02:34]} a3 {[%emt 0:00:11]} 76. Ra5 {[%emt 0:00:44]} Kh4 {[%emt 0:00:27]} 77. Rxa3 {[%emt 0:00:14]} g4 {[%emt 0:00:06]} 78. Ra8 {[%emt 0:04:26]} g3 {[%emt 0:02:48]} 79. Rh8+ {[%emt 0:00:25]} Kg4 {[%emt 0:00:03]} 80. c8=Q+ {[%emt 0:00:09]} Rxc8 {[%emt 0:00:03]} 81. Rxc8 {[%emt 0:00:04]} g2 {[%emt 0:00:44]} 82. Ke5 {[%emt 0:00:48]} Kf3 {[%emt 0:00:19]} 83. Rf8+ {[%emt 0:00:43]} Ke2 {[%emt 0:00:04]} 84. Rg8 {[%emt 0:00:03]} Kf2 {[%emt 0:00:03]} 85. Rxg2+ {[%emt 0:00:07]} Kxg2 {[%emt 0:00:04]} 1/2-1/2

[Event "BLR-ch U20 Girls 2021"]
[Site "Minsk"]
[Date "2021.04.21"]
[Round "6.7"]
[White "Liashkevich, Lizaveta"]
[Black "Khomich, Maryna"]
[Result "0-1"]
[WhiteElo "1401"]
[BlackElo "1409"]
[Annotator "NA"]
[PlyCount "98"]
[EventDate "2021.04.20"]
[EventType "tourn"]
[EventCountry "BLR"]
[SourceTitle "playchess.com"]
[Source "ChessBase"]
[SourceQuality "1"]
[TimeControl "40/5400+30:1800+30"]

1. d4 {[%emt 0:00:00]} d5 {[%emt 0:00:00]} 2. c4 {[%emt 0:00:00]} c6 {[%emt 0:00:00]} 3. cxd5 {[%emt 0:00:00]} cxd5 {[%emt 0:00:00]} 4. Bf4 {[%emt 0:00:28]} Nf6 {[%emt 0:00:24]} 5. e3 {[%emt 0:00:48]} Nc6 {[%emt 0:00:26]} 6. Nc3 {[%emt 0:00:19]} a6 {[%emt 0:00:16]} 7. Bd3 {[%emt 0:00:36]} Bg4 {[%emt 0:00:13]} 8. Nge2 {[%emt 0:00:29]} e6 {[%emt 0:00:10]} 9. Rc1 {[%emt 0:00:50]} Be7 {[%emt 0:02:01]} 10. O-O {[%emt 0:01:07]} O-O {[%emt 0:00:05]} 11. Na4 {[%emt 0:06:14]} Nd7 {[%emt 0:03:55]} 12. Qb3 {[%emt 0:04:03]} Na5 {[%emt 0:04:31]} 13. Qc3 {[%emt 0:00:38]} Nc6 {[%emt 0:18:13]} 14. f3 {[%emt 0:06:00]} Bh5 {[%emt 0:00:08]} 15. Bg3 {[%emt 0:00:22]} Bg6 {[%emt 0:04:06]} 16. Nf4 {[%emt 0:01:46]} Rc8 {[%emt 0:00:26]} 17. Bxg6 {[%emt 0:05:08]} hxg6 {[%emt 0:00:06]} 18. Nd3 {[%emt 0:01:47]} Nb4 {[%emt 0:17:12]} 19. Bc7 {[%emt 0:15:52]} Nxa2 {[%emt 0:11:32]} 20. Qa5 {[%emt 0:05:00]} Rxc7 {[%emt 0:08:45]} 21. Qxc7 {[%emt 0:07:59]} Nxc1 {[%emt 0:00:07]} 22. Rxc1 {[%emt 0:00:39]} b5 {[%emt 0:02:36]} 23. Qxd8 {[%emt 0:00:40]} Rxd8 {[%emt 0:00:07]} 24. Nac5 {[%emt 0:00:59]} Nxc5 {[%emt 0:05:44]} 25. dxc5 {[%emt 0:01:38]} a5 {[%emt 0:00:17]} 26. Kf2 {[%emt 0:03:00]} Rc8 {[%emt 0:01:16]} 27. b3 {[%emt 0:04:06]} Bf6 {[%emt 0:06:34]} 28. f4 {[%emt 0:06:02]} Kf8 {[%emt 0:02:40]} 29. Rc2 {[%emt 0:02:56]} Ke8 {[%emt 0:00:10]} 30. g4 {[%emt 0:07:32]} g5 {[%emt 0:03:16]} 31. Kf3 {[%emt 0:01:12]} gxf4 {[%emt 0:01:22]} 32. exf4 {[%emt 0:07:16]} Bd4 {[%emt 0:00:56]} 33. h4 {[%emt 0:01:08]} f6 {[%emt 0:02:18]} 34. Ra2 {[%emt 0:02:58]} e5 {[%emt 0:04:46]} 35. fxe5 {[%emt 0:00:22]} fxe5 {[%emt 0:00:01]} 36. Ke2 {[%emt 0:00:36]} Bc3 {[%emt 0:00:14]} 37. Rc2 {[%emt 0:02:57]} b4 {[%emt 0:00:07]} 38. c6 {[%emt 0:00:47]} Rxc6 {[%emt 0:00:32]} 39. Ra2 {[%emt 0:00:37]} Ra6 {[%emt 0:01:20]} 40. Nc5 {[%emt 0:00:00]} Ra7 {[%emt 0:00:00]} 41. Kd3 {[%emt 0:04:41]} Ke7 {[%emt 0:04:25]} 42. Re2 {[%emt 0:03:20]} Kd6 {[%emt 0:03:16]} 43. Na4 {[%emt 0:00:10]} Rc7 {[%emt 0:02:15]} 44. g5 {[%emt 0:00:53]} e4+ {[%emt 0:00:53]} 45. Ke3 {[%emt 0:00:55]} Rf7 {[%emt 0:01:53]} 46. Rg2 {[%emt 0:01:07]} Rf3+ {[%emt 0:00:08]} 47. Ke2 {[%emt 0:00:11]} d4 {[%emt 0:00:16]} 48. Rf2 {[%emt 0:02:01]} d3+ {[%emt 0:01:43]} 49. Kf1 {[%emt 0:00:24]} d2 {[%emt 0:00:08]} 0-1